000 00303nam a2200133Ia 4500
008 221030s9999 xx 000 0 und d
041 _aEnglish
082 _a105.23
100 _aP. G. Wodehouse
245 4 _aThe Clicking of Culhbert
_cby P. G. Wodehouse
260 _c0
650 _aB
942 _cBK
999 _c12717
_d12717